[Event "Winter op"]
[Site "Edmonton CAN"]
[Date "1988.05.??"]
[Round "?"]
[White "Yearwood, Roy"]
[Black "Frialde, Arniel"]
[Result "0-1"]
[WhiteElo "2119"]
[BlackElo "2288"]
[PlyCount "80"]
[GameId "2160767912586339"]
[EventDate "1988.05.??"]
[EventCountry "CAN"]

1. e4 c5 2. Nf3 e6 3. c3 d5 4. exd5 Qxd5 5. d4 Nf6 6. Bd3 Nc6 7. O-O Be7 8. Be3 b6 9. dxc5 bxc5 10. Bb5 Bb7 11. Qa4 a6 12. Be2 Qd7 13. Rd1 Qc8 14. Na3 O-O 15. Bf4 Nd5 16. Bg3 Rd8 17. Nc4 Rd7 18. Nfe5 Nxe5 19. Nxe5 Rd8 20. Qa5 f6 21. Nc4 Qc6 22. Bf3 Qb5 23. b3 Rac8 24. Qa3 Nxc3 25. Rxd8+ Rxd8 26. Bxb7 Qxb7 27. Qb2 Rd3 28. f3 Qd5 29. Be1 Nd1 30. Qe2 Qd4+ 31. Kf1 Ne3+ 32. Nxe3 Rxe3 33. Qd1 Rd3 34. Qe2 Qxa1 35. Qxd3 Qxa2 36. Bc3 Qxb3 37. Qxa6 Qxc3 38. Qxe6+ Kf8 39. Qe4 Qa1+ 40. Ke2 Qe5 0-1